Disney Characters beginning with K - Statistics

General Stats
  • This quiz has been taken 7 times
  • The average score is 6 of 31
Answer Stats
Answer % Correct
King Stefan
60%
Kron
60%
Kuzco
60%
Kaa
40%
Kanga
40%
Kerchak
40%
King Hubert
40%
King Triton
40%
Kocoum
40%
Kovu
40%
Kristoff
40%
Kala
20%
Kiara
20%
King Louie
20%
King Richard
20%
Koda
20%
Kata
0%
Katrina Van Tassel
0%
Kekata the Medicine Man
0%
Kenai
0%
King Candy/Turbo
0%
King Eiddileg
0%
King Kashekim Nedakh
0%
King Leonidas
0%
King Roland II
0%
Kirby
0%
Kit Cloudkicker
0%
Krebbs
0%
Kronk Pepikrankenitz
0%
The King
0%
The King of Hearts
0%
No matching quizzes found
Score Distribution
Percent of People with Each Score
Percentile by Number Answered
Your Score History
You have not taken this quiz